Enseñar ciencia: cómo empezar reflexiones para una educación cientifíca de base

Tallennettuna:
Bibliografiset tiedot
Päätekijät: Arca, Maria (Tekijä), Guidoni, P (Tekijä), Mazzoli, P (Tekijä)
Aineistotyyppi: Kirja
Kieli:espanja
Julkaistu: Barcelona Paidós 1990
Sarja:Paidós Educador, 97
Aiheet:
Tagit: Lisää tagi
Ei tageja, Lisää ensimmäinen tagi!

MARC

LEADER 00000nam a2200000 a 4500
001 UCW7521
003 CL-VaPUC
008 930406e19900000SP |||||||||||||||||spa|d
082 0 4 |a 372.35  |b ARC  |2 21 
100 0 |a Arca, Maria  |e author  |9 312676 
700 0 |a Guidoni, P  |e author  |9 312677 
700 0 |a Mazzoli, P  |e author  |9 312678 
245 1 0 |a Enseñar ciencia: cómo empezar reflexiones para una educación cientifíca de base 
300 |a 207 p 
942 |c BK 
945 |d 19930406 00:00:00 
260 |a Barcelona  |b Paidós  |c 1990 
650 0 |a Ciencia   |x Enseñanza  |9 308112 
583 |a last modification  |c 19930406 00:00:00  |k Rodrigo Vera 
490 0 |a Paidós Educador, 97 
999 |c 220246  |d 220244 
952 |0 0  |1 0  |4 0  |6 372_350000000000000_ARC_1990  |7 0  |8 P  |9 212210  |a BIBEDU  |b BIBEDU  |c BIBEDU_PB  |d 2019-11-15  |i 2804611  |o 372.35 ARC 1990  |p 2804611  |r 2024-01-25  |w 2019-11-15  |y BK  |k EDU